| 000 | 01125nam a22001817a 4500 | ||
|---|---|---|---|
| 003 | JO-AjAnu | ||
| 005 | 20240605114840.0 | ||
| 008 | 240403b jo ||||| |||| 00| 0 ara d | ||
| 040 |
_aJO-AjAnu _cJO-AjAnu |
||
| 041 | 0 | _aara | |
| 100 | 1 |
_aالزغول، محمد حكم ساكت _965280 _eمعد |
|
| 245 | 0 |
_aفاعلية برنامج تدريبي مستند على اللعب الجماعي في تنمية المهارات الاجتماعية لدى الطلبة ذوي الصعوبات التعلم = The Effectiveness of a Training Program Based on play Group in the Social Skills Development of Students with Learning Disabilities / _cاعداد محمد حكم ساكت الزغول ؛ إشراف فيصل عيسى نواصره |
|
| 300 | _a105 ورقة | ||
| 500 | _aرسالة جامعية(ماجستير).- جامعةعجلون الوطنية (عجلون، الأردن) ، كليةالعلوم التربوية، تخصص التربية الخاصة ، 2023. | ||
| 650 | 7 | 0 |
_aاللعب - جوانب نفسيه _965281 |
| 700 | 1 |
_aالنواصرة، فيصل عيسى. _eمشرف _965078 |
|
| 942 |
_2lcc _cTHS _n0 |
||
| 999 |
_c33416 _d33416 |
||